000 00427pab a2200157 454500
008 180718b2011 xxu||||| |||| 00| 0 eng d
100 _aBhattacharya, Anshuman
245 _aPredictability of job-satisfaction: An analysis from age perspective
260 _c2011
300 _ap.498-509.
362 _aJan
650 _aJob satisfaction
773 _aIndian Journal of Industrial Relations
908 _aN
909 _a90807
999 _c90807
_d90807